| 000 | 01007 a2200313 4500 | ||
|---|---|---|---|
| 001 | 200422401 | ||
| 003 | TR-AnTOB | ||
| 005 | 20241014151248.0 | ||
| 008 | 150707s tu 000 0 | ||
| 020 | _a0821351915 | ||
| 040 |
_aTR-AnTOB _btur _erda _cTR-AnTOB |
||
| 041 | 0 | _aeng | |
| 050 | 0 | 0 |
_aK3498.3. _bB73 2002 |
| 090 | _aK3498.3. .B73 2002 | ||
| 100 | 1 |
_aBradlow, Daniel D. _9107519 |
|
| 245 | 1 | 0 |
_aRegulatory framework for dam safety : _ba comparative study / _cDaniel D. Bradlow, Alessandro Palmieri, Salman M.A. Salman. |
| 264 |
_aWashington, D.C. : _bWorld Bank, _c2002. |
||
| 300 |
_axiv, 159 p. ; _c23 cm. |
||
| 336 |
_atext _2rdacontent |
||
| 337 |
_aunmediated _2rdamedia |
||
| 338 |
_avolume _2rdacarrier |
||
| 504 | _aIncludes bibliographical references and index. | ||
| 650 | 0 | 0 |
_aDam safety _xLaw and legislation _9107522 |
| 700 | 1 |
_aPalmieri, Alessandro _9107520 |
|
| 700 | 1 |
_aSalman, Salman M. A., _d1948- _9107521 |
|
| 710 | 1 |
_aWorld Bank _919811 |
|
| 942 |
_cBK _2lcc |
||
| 999 |
_c200422401 _d39427 |
||